000 00544nam a2200193Ia 4500
005 20260429112053.0
008 260429s9999||||xx |||||||||||||| ||und||
020 _a9781835350201
041 _aEnglish
082 _a001.42
_bNIS
100 _aNisola, Anna
245 0 _aStudy of research methodology and quantitative techniques /
_cAnna Nisola
250 _a1st ed.
260 _aLondon :
_bETP ED- Tech Press,
_c2025.
300 _axiii, 291 p.; hb
650 _a Quantitative methods
650 _aResearch methodology
942 _cTB
999 _c52196
_d52196